000 00701nam a2200205 i 4500
001 55995
003 ES-MaACL
005 20240219222836.0
007 t|
008 031001s1914 sp ||||1| spa d
100 1 _aDíaz Mirete, Ramón.
_944355
245 1 0 _aPoemas del amor y de la muerte /
_cRamón Díaz Mirete ; Salmos / de Vicente Gay ; Preludio lírico / de Juan González Olmedilla ; Soneto / de Goy de Silva.
260 _aMadrid :
_b[s.n.],
_c1914 (
_fFelipe Peña Cruz)
300 _a150 p. ;
_c20 cm.
700 1 _aGay, Vicente,
_d1876-1949
_956113
700 1 _aOlmedilla, Juan G.
_986948
700 1 _aSilva, Goy de.
_9106364
852 _aES-MaACL
_jF-8521
999 _c55995
_d55995